Principles and practice of analytical chemistry

Đã lưu trong:
Chi tiết về thư mục
Những tác giả chính: Fifield, F. W (Tác giả), Kealey, D (Tác giả)
Định dạng: Sách
Ngôn ngữ:Tiếng Anh
Được phát hành: Londres Blackie Academic and Professional 1995
Phiên bản:4a. ed
Những chủ đề:
Các nhãn: Thêm thẻ
Không có thẻ, Là người đầu tiên thẻ bản ghi này!

MARC

LEADER 00000nam a2200000 a 4500
001 UCS6208
003 CL-VaPUC
008 970917e19950000UK |||||||||||||||||eng|d
082 0 4 |a 543  |b FIF  |2 21 
100 0 |a Fifield, F. W  |e author  |9 391740 
700 0 |a Kealey, D  |e author  |9 391741 
245 1 0 |a Principles and practice of analytical chemistry 
250 |a 4a. ed 
300 |a 560 p 
942 |c BK 
945 |d 19970917 00:00:00  |a rleighto 
260 |a Londres  |b Blackie Academic and Professional  |c 1995 
650 0 |a Química analítica  |9 259648 
650 7 |a METODOS ANALITICOS  |2 CL-VaPUC  |9 358863 
650 0 |a Reacciones químicas  |9 259438 
650 0 |a Solventes  |9 352268 
650 0 |a Cromatografía   |9 263967 
650 0 |a Electroquímica  |9 263973 
650 0 |a Espectroquímica  |9 391742 
650 7 |a METODOS RADIOQUIMICOS  |2 CL-VaPUC  |9 388909 
583 |a last modification  |c 19970917 00:00:00  |k Rodrigo Vera 
999 |c 262157  |d 262155 
952 |0 0  |1 0  |4 0  |6 543_000000000000000_FIF_1995  |7 0  |8 A  |9 290371  |a BIBCUR  |b BIBCUR  |d 2019-11-19  |i 3350169  |o 543 FIF 1995  |p 3350169  |r 2025-04-22  |w 2019-11-19  |y BK  |k QUI